00526nam a22001697a 450000500170000001000150001702000110003203500140004303700130005708200150007010000250008524500740011026000510018427000560023530000250029150000400031620231113152445.0 aENG-119535 c500.00 aEN-103067 bDBAD/PUB a304.809543 aKumar Rajeev Ranjan  aPopulation displacement and rehabilitation/cby Kumar Rajeev Ranjan  aNew Delhi bClassical Publishing Companyc2015 a28, Shopping Centre, Karampura,bNew Delhi e110056 avii,174p. c22cm(hb) aIncludes bibliographical references